The big field / (Record no. 2932)

MARC details
000 -LEADER
fixed length control field 01201cam a2200361 a 4500
001 - CONTROL NUMBER
control field 2932
003 - CONTROL NUMBER IDENTIFIER
control field FISKH
005 - DATE AND TIME OF LATEST TRANSACTION
control field 20240326090349.0
008 - FIXED-LENGTH DATA ELEMENTS--GENERAL INFORMATION
fixed length control field 070619s2008 nyu c 000 f eng
010 ## - LIBRARY OF CONGRESS CONTROL NUMBER
LC control number 2007023647
020 ## - INTERNATIONAL STANDARD BOOK NUMBER
International Standard Book Number 0399246258 (hardcover) :
020 ## - INTERNATIONAL STANDARD BOOK NUMBER
International Standard Book Number 9780545204002
020 ## - INTERNATIONAL STANDARD BOOK NUMBER
International Standard Book Number 9780399246258 (hardcover) :
035 ## - SYSTEM CONTROL NUMBER
System control number (OCoLC)156891907
040 ## - CATALOGING SOURCE
Original cataloging agency DLC
Transcribing agency DLC
Modifying agency DLC
Language of cataloging eng
042 ## - AUTHENTICATION CODE
Authentication code lcac
050 00 - LIBRARY OF CONGRESS CALL NUMBER
Classification number PZ7.L97914
Item number Bi 2008
082 00 - DEWEY DECIMAL CLASSIFICATION NUMBER
Classification number 813.6
Edition number 22
100 1# - MAIN ENTRY--PERSONAL NAME
Personal name Lupica, Mike.
245 14 - TITLE STATEMENT
Title The big field /
Statement of responsibility, etc. Mike Lupica
250 ## - EDITION STATEMENT
Edition statement First Scholastic printing, September 2009
260 ## - PUBLICATION, DISTRIBUTION, ETC.
Place of publication, distribution, etc. New York :
Name of publisher, distributor, etc. Scholastic,
Date of publication, distribution, etc. 2008
300 ## - PHYSICAL DESCRIPTION
Extent 243 pages :
Dimensions 20 cm
505 ## - FORMATTED CONTENTS NOTE
Formatted contents note U
520 ## - SUMMARY, ETC.
Summary, etc. When fourteen-year-old baseball player Hutch feels threatened by the arrival of a new teammate named Darryl, he tries to work through his insecurities about both Darryl and his remote and silent father, who was once a great ballplayer too.
521 8# - TARGET AUDIENCE NOTE
Target audience note 970
Source Lexile
650 #1 - SUBJECT ADDED ENTRY--TOPICAL TERM
Topical term or geographic name entry element Baseball
Form subdivision Fiction.
650 #1 - SUBJECT ADDED ENTRY--TOPICAL TERM
Topical term or geographic name entry element Fathers and sons
Form subdivision Fiction.
700 ## - ADDED ENTRY--PERSONAL NAME
Personal name Mike Lupica
906 ## - LOCAL DATA ELEMENT F, LDF (RLIN)
a 7
b cbc
c orignew
d 1
e ecip
f 20
g y-gencatlg
942 ## - ADDED ENTRY ELEMENTS (KOHA)
Source of classification or shelving scheme Dewey Decimal Classification
Koha item type Books
Suppress in OPAC No
Holdings
Withdrawn status Lost status Source of classification or shelving scheme Damaged status Not for loan Collection Home library Current library Shelving location Date acquired Total Checkouts Full call number Barcode Date last seen Copy number Price effective from Koha item type Date last checked out
    Dewey Decimal Classification     Fiction Footprints International School Library Network Toul Kork Campus Footprints International School Library Network Toul Kork Campus TTP Secondary Fiction Bookshelves 01/24/2024   LUP Fic PZ7.L97914 FISSE00364 01/24/2024 1 01/24/2024 Books  
    Dewey Decimal Classification     Fiction Footprints International School Library Network Toul Kork Campus Footprints International School Library Network Toul Kork Campus   01/24/2024   LUP Fic PZ7.L97914 FISSE00362 01/25/2024 2 01/24/2024 Books  
    Dewey Decimal Classification     Fiction Footprints International School Library Network Toul Kork Campus Footprints International School Library Network Toul Kork Campus   03/20/2024   LUP PZ7.L97914 813.6 2024-0364 03/20/2024 3 03/20/2024 Books  
    Dewey Decimal Classification     Fiction Footprints International School Library Network Toul Tom Poung Campus Footprints International School Library Network Toul Tom Poung Campus   03/26/2024 1 LUP PZ7.L97914 813.6 2024-0405 12/01/2025 4 03/26/2024 Books 11/10/2025
    Dewey Decimal Classification     Fiction Footprints International School Library Network Toul Kork Campus Footprints International School Library Network Toul Tom Poung Campus TTP Secondary Fiction Bookshelves 03/26/2024 1 LUP PZ7.L97914 813.6 2024-0411 02/27/2026 5 03/26/2024 Books 02/02/2026